История изучения вопроса происхождения нефти; Проблемы геологии и освоения недр

Bibliographic Details
Parent link:Проблемы геологии и освоения недр.— 2008.— С. 376-377
Main Author: Кудряшова Л. К.
Other Authors: Гайдукова Т. А. (научный руководитель)
Language:Russian
Published: 2008
Subjects:
Format: Book Chapter
KOHA link:https://koha.lib.tpu.ru/cgi-bin/koha/opac-detail.pl?biblionumber=178513

MARC

LEADER 00000naa2a2200000 4500
001 178513
005 20231031165923.0
035 |a (RuTPU)RU\TPU\book\193520 
090 |a 178513 
100 |a 20100407d2008 k y0rusy50 ca 
101 0 |a rus 
102 |a RU 
200 1 |a История изучения вопроса происхождения нефти  |f Л. К. Кудряшова  |g науч. рук. Т. А. Гайдукова 
320 |a Библиогр.: 11 назв. 
463 0 |0 (RuTPU)RU\TPU\book\164908  |y 5-89503-079-3  |t Проблемы геологии и освоения недр  |o труды XII Международного симпозиума имени академика М. А. Усова студентов и молодых ученых, посвященного 100-летию первого выпуска горных инженеров в Сибири и 90-летию создания Сибгеолкома в России  |f Томский политехнический университет (ТПУ), Институт геологии и нефтегазового дела (ИГНД)  |v С. 376-377  |d 2008  |p 944 с. 
610 1 |a нефть 
610 1 |a история 
610 1 |a происхождение 
610 1 |a труды учёных ТПУ 
700 1 |a Кудряшова  |b Л. К. 
702 1 |a Гайдукова  |b Т. А.  |4 727 
801 1 |a RU  |b 63413507  |c 20100407 
942 |c BK